Landlocked US States Quiz Stats

 Plays Quiz Updated Mar 18, 2020

Support Sporcle.
Go Orange.
Score 0/27 Timer 03:00
16 Plays Today
State % Correct
South Dakota
88.3%
Colorado
86.5%
Kansas
85.3%
Kentucky
83.5%
Tennessee
83.2%
Nevada
82.4%
North Dakota
82.3%
Idaho
81.8%
Ohio
80.8%
Utah
80.7%
Montana
80.2%
Oklahoma
79.1%
Wyoming
78.1%
Iowa
77.3%
State % Correct
Nebraska
77.2%
Illinois
77.1%
Arkansas
76.1%
Indiana
75.6%
Missouri
75%
Arizona
71.8%
New Mexico
70.9%
West Virginia
70.5%
Michigan
69.3%
Minnesota
69.1%
Wisconsin
67%
Pennsylvania
62.2%
Vermont
60.5%

From the Vault

Only One Is Not...the 2000s

by MSUKent

History 60s
Alternately, you could focus on the fact that five of the answers ARE about the 2000s.
Remove Ads.
Support Sporcle.
Get the best of Sporcle when you Go Orange. This ad-free experience offers more features, more stats, and more fun while also helping to support Sporcle. Thank you for becoming a member.

Show Comments

Extras

Top Quizzes Today


Score Distribution

Your Account Isn't Verified!

In order to create a playlist on Sporcle, you need to verify the email address you used during registration. Go to your Sporcle Settings to finish the process.

Report this User

Report this user for behavior that violates our Community Guidelines.

Details: